Normal view
MARC view
- FOROUZAN, A. BEHROUZ
Entry Personal Name
001 - CONTROL NUMBER
- control field: 87170
003 - CONTROL NUMBER IDENTIFIER
- control field: NUST
005 - DATE AND TIME OF LATEST TRANSACTION
- control field: 20211230154021.0
008 - FIXED-LENGTH DATA ELEMENTS
- fixed length control field: 211230|| aca||aabn | a|a d
040 ## - CATALOGING SOURCE
- Original cataloging agency: NUST
- Transcribing agency: NUST
100 ## - HEADING--PERSONAL NAME
- Personal name: FOROUZAN, A. BEHROUZ
670 ## - SOURCE DATA FOUND
- Source citation: Work cat.: (NUST): FOROUZAN, A. BEHROUZ., CRYPTOGRAPHY AND NETWORK SECURITY /, 2015.
